000 01493nam a22002537a 4500
001 4659
003 FISKH
005 20240919103659.0
008 240919b cb ||||| |||| 00| 0 eng d
020 _a9780802429865
040 _aFISKH
_beng
_cFISKH
_dFISKH
050 _aBV3427.A9
082 _2200
100 _aAylward, Gladys
_d(1902–1970)
245 _aThe little woman /
_cGladys Aylward with Christine Hunter
250 _aPrinting edition in 1974
260 _aChicago :
_bMoody,
_c1974.
300 _a153 pages :
_c18cm
520 _aBiography & Autobiography. Religion & Spirituality. Nonfiction. HTML: A solitary woman. A foreign country. An unknown language. An impossible dream? No. With no mission board to support or guide her, and less than ten dollars in her pocket, Gladys Aylward left her home in England to answer God's call to take the message of the gospel to China. With the Sino-Japanese War waging around her, she struggled to bring the basics of life and the fullness of God to orphaned children. Time after time, God triumphed over impossible situations, and drew people to Himself. The Little Woman tells the story of one woman's determination to serve God at any cost. With God all things are possible! A true story of a determined missionary, Gladys Aylward : The Little Woman will challenge you to bold and expectant faith.
650 _2Missions
_aMissionaries
650 _2Gladys Aylward
_aBiographies
942 _2ddc
_cBK
_n0
999 _c4659
_d4659